[Event "Klubbmesterskapet 2011"]
[Site "Ås, Akershus NOR"]
[Date "2011.03.31"]
[Round "8"]
[White "Olsen, Trygve"]
[Black "Lea, Per"]
[Result "0-1"]
[WhiteElo "1250"]
[BlackElo "1566"]
[Annotator "Lea,Per"]
[PlyCount "82"]
[EventDate "2011.01.20"]

1. e4 e5 2. Bc4 Nf6 3. Nf3 Nc6 4. Nc3 {
Tamt, men safe. På klubbnivå er varianten} (4. Ng5 d5 {et fryktet våpen.} (4...
Bc5 5. Nxf7 (5. Bxf7+ Ke7 6. Bd5 Rf8 7. O-O h6 8. Nf3 d6) 5... Bxf2+ 6. Kf1 {
spilles bare av folk med hår på brøstet}) 5. exd5 Na5 6. Bb5+ c6 7. dxc6 bxc6
8. Be2 h6 9. Nf3 e4 10. Ne5 Qd4 11. f4 Bc5 12. Rf1 Qd8 $1 13. c3 Nd5 14. Qa4 {
ga opphav til en lang og tildels opphetet debatt i Morgenbladet på begynnelsen
av 1960-tallet, foranledningen var et radioparti mellom André Bjerke og Dan
Fosse jr. Interessert henvises til André Bjerkes bok "Spillet i mitt liv",
fortrinnsvis 1975-utgaven.}) 4... Bc5 5. a3 a5 6. d3 h6 7. h3 d6 8. Ne2 Be6 9.
Bb5 O-O 10. c4 Ne7 11. Ba4 c6 12. Nc3 Qb6 13. Qe2 Rfd8 14. O-O Nh5 15. Bc2 Ng3
16. Qd2 Nxf1 17. Kxf1 Qc7 18. Ba4 f5 19. Qe2 Ng6 20. Kg1 Qf7 21. Kh2 Rf8 22.
Bd1 f4 23. Na4 Ba7 24. Bd2 b5 25. Nc3 bxc4 26. Ba4 Rac8 $2 (26... cxd3 27. Qxd3
Bxf2 28. Bxc6 Rab8 29. Qc2 Rbc8 30. Qa4 Nh4 31. Nxh4 Bg3+ 32. Kh1 Bxh4 $19) 27.
b4 $2 (27. Bc2 Rb8 28. Rb1 Bd4 29. Nxd4 $2 (29. Na4 {
og hvit kan kjempe videre, men stillingen er temmelig håpløs.}) 29... exd4 30.
Nd1 Ne5 31. f3 cxd3 32. Bxd3 Rb3 33. Bc2 Rxf3 34. gxf3 Qh5 35. Nf2 d3 36. Bxd3
Nxf3+ 37. Kg2 Bxh3+ 38. Nxh3 Qg4+ 39. Kf2 Qg3+ 40. Kf1 Qxh3+ 41. Qg2 Nxd2+ 42.
Kg1 Qxd3 43. Rc1 f3 44. Qf2 Nxe4) 27... cxb3 28. Rb1 Bc5 29. Bc1 Qa7 30. Kg1
Qb6 31. Bb2 Qd8 32. Bc1 Nh4 33. Kh2 Nxf3+ 34. Qxf3 Qb6 35. Nd1 Bd4 36. Bb2 c5
37. Nc3 c4 38. Nd5 Bxd5 39. exd5 c3 40. Bd7 Rc7 41. Be6+ Kh8 0-1

[Event "Klubbmesterskapet 2011"]
[Site "Ås, Akershus NOR"]
[Date "2011.03.31"]
[Round "8"]
[White "Weberg, Øivind"]
[Black "Moberg, Jan Rune"]
[Result "0-1"]
[WhiteElo "1422"]
[BlackElo "1574"]
[PlyCount "94"]
[EventDate "2011.01.20"]

1. e4 {[%emt 0:00:00]} g6 2. d4 Bg7 3. c3 d6 4. Be3 a6 5. Nf3 Nd7 6. Bd3 e6 7.
O-O Ne7 8. Re1 b5 9. Nbd2 O-O 10. a4 c6 11. axb5 cxb5 12. Bxb5 Qb6 13. Bd3 Qxb2
14. Nc4 Qb8 (14... Qxc3 $4 15. Rc1 Qb4 16. Rb1 Qc3 17. Rb3 {
og svart må gi dronninga for et tårn (PL)}) 15. Qd2 f5 {Litt desperat (JRM)}
16. Bf4 e5 17. Bg5 Nc6 18. d5 Na7 {
Bedre å beskytte sentrumsbonde enn å tenke materiell (JRM)} 19. Be7 Nb5 20.
Bxf8 Nxf8 21. Reb1 fxe4 22. Bxe4 Qc7 23. Rxb5 Qxc4 24. Bd3 Qc7 25. Rba5 $2 ({
Plutselig glapp vinststillingen ut av hvits hender.} 25. Rb4 $1 e4 26. Rc4 $18
{holder i massevis. (PL)}) 25... e4 $1 {Nå ryker det en offiser okke som (JRM)}
26. Nd4 $2 (26. Bxe4 Bxc3 27. Qa2 {med helt lik stilling. (PL)}) 26... Bxd4 27.
cxd4 exd3 28. Qxd3 Qb6 29. Qc4 Bb7 30. R5a3 Rc8 31. Qd3 Nd7 32. Rb1 Qc7 33. h3
Nf6 34. Qe3 Nxd5 35. Qe6+ Kg7 36. Rab3 Ba8 37. Ra3 Qc6 38. Rab3 Re8 39. Qg4 Nf6
40. Qg3 Ne4 41. Qf3 (41. Qg4 h5 42. d5 Qxd5 43. Qd7+ Qf7 44. Qxf7+ Kxf7 $17 {
(PL)}) 41... Rf8 42. Qd3 ({Litt bedre er} 42. Rb6 Qc7 43. Qe3 Nc3 44. Rxd6 Qxd6
45. Qxc3 {men stillingen er fremdeles vunnet for svart (PL)}) 42... Nd2 43. d5
Qxd5 44. Qxd5 Bxd5 45. Rd3 {[%emt 0:00:00]} Be4 46. Rxd2 Bxb1 47. Rxd6 Ra8 {
... og resten er teknikk! (JRM)} 0-1

[Event "Klubbmesterskapet 2011"]
[Site "Ås, Akershus NOR"]
[Date "2011.03.31"]
[Round "8"]
[White "Snellingen, Jørn"]
[Black "Furnes, Torstein"]
[Result "0-1"]
[WhiteElo "1845"]
[BlackElo "1576"]
[Annotator "Furnes,Torstein"]
[PlyCount "76"]

1. e4 c5 2. c3 Nc6 3. d4 cxd4 4. cxd4 d5 5. exd5 Qxd5 6. Be3 e6 7. a3 Nf6 8.
Nc3 Qd8 9. Nf3 Be7 10. Bd3 O-O 11. O-O b6 12. Qe2 Bb7 13. Rfe1 Rc8 14. Rad1 {
Denne stillingen har oppstått i ett parti i databasen til Fritz. Der fortsatte
det med Tc7.} Qc7 15. Bg5 Rfd8 16. Ne4 ({Fritz foretrekker} 16. Bxf6 Bxf6 17.
d5 exd5 18. Nxd5 Qd6 ({Ikke} 18... Rxd5 $4 19. Qe8+ Rxe8 20. Rxe8#) 19. Bf5 Rb8
$16) 16... Nd5 ({Førstevalget til Fritz er} 16... Nxd4 17. Nxd4 Rxd4 18. Nxf6+
gxf6 (18... Bxf6 $2 {er dårlig for svart} 19. Bxf6 Qc6 20. f4 gxf6 21. Bxh7+
Kxh7 22. Rxd4 $18) 19. Be3 $15 (19. Bxh7+ $2 {holder ikke for hvit} Kxh7 20.
Rxd4 fxg5 $19)) 17. Bxe7 Qxe7 ({Fritz mener at} 17... Nf4 $5 {
fører til varianter med trekkgjentagelse og remis.} 18. Nf6+ gxf6 19. Qe4 Nxe7
(19... f5 $6 20. Bxd8 fxe4 21. Bxc7 Nxd3 22. Rxe4 Nxb2 23. Rd2 Rxc7 24. d5) (
19... Nxd3 $4 20. Qg4+ Kh8 21. Bxf6#) 20. Qxh7+ Kf8 21. Qh6+ Ke8 22. Bb5+ Nc6
23. Qxf6 Nd5 24. Rxe6+ fxe6 25. Bxc6+ Bxc6 (25... Qxc6 26. Qh8+ Kd7 27. Qg7+
Kd6 28. Qe5+ Kd7 29. Qg7+) 26. Qh8+ Kd7 27. Qg7+ Ne7 28. Ne5+ Kd6 29. Nc4+ Kd5
30. Ne3+ Kd6 (30... Ke4 $4 31. Qg4+ Qf4 32. Qxe6+ Qe5 33. Qxe5#) 31. Nc4+ {
med trekkgjentagelse.}) 18. Neg5 h6 19. Nh3 Qf6 20. Qe4 g6 21. Ne5 Nce7 22. Ng4
Qg7 23. Nf4 Nxf4 $6 (23... h5) (23... Nf5) 24. Qxf4 (24. Qxb7 Nxd3 25. Rxd3
Rxd4 26. Nxh6+ Kf8 27. Rh3 $17) 24... h5 $6 (24... Nf5) 25. Nf6+ Kh8 26. Be4
Nd5 $2 (26... Bxe4 27. Rxe4 Nf5 $11) 27. Bxd5 Bxd5 28. g4 $6 {
Begge spillerne begynner nå å få kraftig tidsnød.} ({Fritz mener at} 28. Rd3 {
vinner. F.eks.} Bb7 29. Rh3 {(truer å slå med springeren på h5)} Rd5 30. Nxd5
Bxd5 31. Rc3 $18) 28... hxg4 $6 ({Svart bør prøve} 28... g5 29. Qe5 Bf3 30. Rd2
Bxg4) 29. Nxg4 $6 $15 ({Hvits beste mulighet er} 29. Qg5 {
som truer Dh4+ fulgt av matt.} Qf8 30. Nxg4 $18) 29... f5 (29... g5 {
er litt bedre.}) 30. Ne5 Rg8 $2 (30... g5 {er best. Hvit har jo ikke
muligheten Dxg5 Dxg5 Sf7+ fordi svart slår på g5 med sjakk.}) 31. Re3 ({
Fritz foreslår} 31. Qh4+ Qh7 32. Qf6+ Rg7 (32... Qg7 $4 33. Nf7+ Kh7 34. Qh4+
Qh6 35. Qxh6#) 33. Rc1 Re8 34. Rc3 Qh5 35. Rc7 Reg8 $16) 31... Rgf8 $2 ({
Eneste mulighet er} 31... Qh7 32. Rc3 g5 {med like sjanser ifølge Fritz.}) 32.
Rh3+ Kg8 33. Rg3 ({Hvit vinner med} 33. Nxg6 {F.eks.} Rf6 34. Rh8+ Kf7 35. Rxc8
Rxg6+ 36. Kf1 Rg1+ 37. Ke2 Qg4+ 38. Qxg4 Rxg4 39. Rd3 $18) 33... Rf6 34. h4 Kf8
$6 35. Rg5 ({Aller sterkest er antagelig} 35. h5) 35... Qh6 $4 (35... Qh7) 36.
Rd3 ({Hvit kan nå vinne forsert med} 36. Nd7+ Kg7 37. Nxf6 Kxf6 38. Rxf5+ Kg7
39. Rf7+ Kg8 40. Qxh6 Kxf7) 36... Ke7 37. Rdg3 $2 {Tillater en liten
kombinasjon. Hvit kunne beholdt fordel på ca. 2 poeng med trekk som a4, Tc3
eller Th3, ifølge Fritz.} Qxh4 $1 38. Rc3 (38. Qxh4 $4 {
går selvfølgelig ikke pga} Rc1+ 39. Kh2 Rh1#) ({Eneste mulighet er} 38. Rf3 {
men etter} Qxf4 39. Rxf4 Rc1+ 40. Kh2 Rf8 41. Nxg6+ Kf6 42. Rg1 Rxg1 43. Nxf8
Rg2+ 44. Kh3 Ke7 45. Nh7 Kf7 46. Rh4 Rxf2 {
har svart en fordel på nesten 4 poeng ifølge Fritz.}) 38... Qh1# 0-1

[Event "Klubbmesterskapet 2011"]
[Site "Ås, Akershus NOR"]
[Date "2011.02.03"]
[Round "9"]
[White "Lea, Per"]
[Black "Weberg, Øivind"]
[Result "1-0"]
[WhiteElo "1566"]
[BlackElo "1422"]
[PlyCount "133"]
[EventDate "2011.01.20"]

1. e4 e5 2. Nf3 Nc6 3. Bb5 a6 4. Ba4 d6 5. d4 Bd7 6. c4 Nxd4 7. Nxd4 Bxa4 8.
Qxa4+ b5 9. Nxb5 axb5 10. Qxb5+ Qd7 11. Qb7 Rd8 12. Nc3 c6 13. Qxd7+ Kxd7 14.
O-O Nf6 15. f3 Be7 16. Be3 Rb8 17. b3 Rb7 18. Rfd1 Kc7 19. Na4 Nd7 20. Rac1 Ra8
21. Rd2 Ra5 22. Rcd1 c5 23. Nc3 Bf8 24. Nb5+ Kc8 25. Rxd6 Rxa2 26. Bxc5 Rxb5
27. Rc6+ Kb7 28. cxb5 Bxc5+ 29. Kh1 Bd4 30. h3 Ra5 31. Rdc1 Bb6 32. Rd6 Nb8 33.
Rd5 f6 34. Rc4 Ra1+ 35. Kh2 Rb1 36. b4 h5 37. Kg3 Rb2 38. f4 exf4+ 39. Kxf4
Rxg2 40. Rxh5 Rf2+ 41. Kg3 Rf1 42. Rh7 Rg1+ 43. Kh2 Rg5 44. h4 Rg6 45. Kh3 Nd7
46. Rc6 Ne5 47. Re6 Bf2 48. Re7+ Kb6 49. Rexg7 Kxb5 50. Rxg6 Nxg6 51. Rh6 Nxh4
52. Rxf6 Bd4 53. Rd6 Nf3 54. Kg4 Ne5+ 55. Kf5 Nc6 56. Ke6 Bc3 57. Rd1 Kxb4 58.
Rc1 Nd4+ 59. Kd5 Nb3 60. Rb1 Ka3 61. e5 Nd2 62. Rc1 Bb4 63. e6 Nb3 64. Rb1 Be7
65. Rf1 Nd2 66. Rf7 Bb4 67. Ra7+ 1-0

[Event "Klubbmesterskapet 2011"]
[Site "Ås, Akershus NOR"]
[Date "2011.04.07"]
[Round "9"]
[White "Simonsen, Steinar"]
[Black "Olsen, Trygve"]
[Result "1-0"]
[WhiteElo "1321"]
[BlackElo "1250"]
[PlyCount "46"]

1. c4 g6 2. Nc3 Bg7 3. d4 c6 4. Nf3 d6 5. e4 Nd7 6. Be3 Nh6 7. h3 O-O 8. Qd2
Qb6 9. Bxh6 Bxh6 10. Qxh6 f6 11. Qd2 e5 12. Be2 exd4 13. Nxd4 Ne5 14. b3 Kg7
15. Nf3 Qc7 16. Nxe5 dxe5 17. O-O Be6 18. Rfd1 Rad8 19. Qe3 b6 20. Rxd8 Rxd8
21. Rd1 Rf8 22. c5 b5 23. Qd2 Rf7 1-0

[Event "Klubbmesterskapet 2011"]
[Site "Ås, Akershus NOR"]
[Date "2011.04.07"]
[Round "9"]
[White "Moberg, Jan Rune"]
[Black "Høva, Frode"]
[Result "0-1"]
[WhiteElo "1574"]
[BlackElo "1562"]
[PlyCount "56"]

1. d4 g6 2. e4 d6 3. Bc4 Nf6 4. Nc3 Bg7 5. Be3 O-O 6. h3 b6 7. Qd3 c6 8. a4 d5
9. exd5 cxd5 10. Bb5 a6 11. Bxa6 Bxa6 12. Nb5 Qd7 13. Ra3 Bxb5 14. axb5 Rxa3
15. bxa3 Qc7 16. Nf3 Nbd7 17. O-O Qc4 18. Rd1 Rc8 19. Ne5 Qxd3 20. Rxd3 Rxc2
21. Nc6 e6 22. Bd2 Bf8 23. g4 Bd6 24. a4 Nb8 25. a5 Nxc6 26. bxc6 bxa5 27. Bxa5
Rxc6 28. Bd2 Nd7 0-1

[Event "Klubbmesterskapet 2011"]
[Site "Ås, Akershus NOR"]
[Date "2011.04.07"]
[Round "9"]
[White "Furnes, Torstein"]
[Black "Thowsen, Alf Geir"]
[Result "1/2-1/2"]
[WhiteElo "1576"]
[BlackElo "1192"]
[PlyCount "85"]
[EventDate "2011.01.20"]

1. d4 Nf6 2. c4 e6 3. Nc3 Nc6 4. Bg5 d5 5. e3 Be7 6. Nf3 O-O 7. a3 b6 8. cxd5
exd5 9. Bd3 Re8 10. Qc2 g6 11. Nb5 Bb7 12. Bf4 Bd6 13. Nxd6 cxd6 14. O-O Rc8
15. Qa4 Re7 16. Bg5 Rec7 17. b4 a5 18. b5 Nb8 19. Qd1 Kg7 20. Qd2 Qd7 21. Bxf6+
Kxf6 22. Rfc1 Qe7 23. a4 Kg7 24. Kf1 Qd8 25. Ke1 Nd7 26. Kd1 Nf6 27. Rxc7 Rxc7
28. Rc1 Qc8 29. Rxc7 Qxc7 30. Qc2 Qxc2+ 31. Bxc2 Ne4 32. Ke2 h6 33. Nd2 f5 34.
f3 Nxd2 35. Kxd2 Kf6 36. Ke2 Ba8 37. Kf2 Bb7 38. Kg3 g5 39. h4 Bc8 40. hxg5+
hxg5 41. f4 g4 42. Kh4 Kg6 43. Bb3 1/2-1/2

[Event "Klubbmesterskapet 2011"]
[Site "Ås, Akershus NOR"]
[Date "2011.04.14"]
[Round "10"]
[White "Høva, Frode"]
[Black "Lea, Per"]
[Result "0-1"]
[WhiteElo "1562"]
[BlackElo "1566"]
[Annotator "Lea,Per"]
[PlyCount "72"]
[EventDate "2011.01.20"]

1. d4 d5 2. c4 e6 {Albins motgambit er dessverre ikke spillbart mot spillere
av Frodes kaliber. Bare i drømme (pluss 2-3 ganger på www.freechess.org) har
jeg fått gleden av å spille:} (2... e5 3. dxe5 d4 4. e3 Bb4+ 5. Bd2 dxe3 6.
Bxb4 $4 exf2+ 7. Ke2 fxg1=N+ {Det er viktig å gi sjakken: nå truer det
løpersjakk på g4 med dronningvinst. Derfor kan springeren ikke slås. Hvis
svart forvandler til dronning, er det ikke med sjakk, og hvit rekker å bytte
dronninger på d8 og deretter slå nykommeren på g1.} 8. Ke1 Qh4+ 9. Kd2 Nc6 10.
Qe1 Qf4+ 11. Kc3 Bf5 12. Bc5 (12. Rxg1 $4 Qd4+ 13. Kb3 {og svart kan velge å
spille på mattangrep eller å ta med seg tårnet på g1. Fritz 11 foreslår det
første, og vi har faktisk en stilling som likner mye på mitt
Østlandsserieparti mot Åsmund Sem-Johansen, 1. runde, 4. divisjon, 2010 (se
partibasen!)})) 3. Nf3 Nf6 4. g3 c5 5. Bg2 Be7 (5... dxc4 {for å unngå å bli
stående med en isolert bonde i sentrum hadde kanskje vært bedre rent objektivt
sett.}) 6. cxd5 $1 exd5 (6... Nxd5 {er ikke spesielt fristende; det bare
provoserer fram et sterkt hvitt bondesentrum.}) 7. O-O O-O 8. Nc3 Nc6 9. Bg5
Ne4 {Dette så bra ut der og da, men det er nok heller tvilsomt.} 10. Be3 ({
Jeg hadde sett for meg} 10. Bxe7 Nxc3 11. Bxd8 Nxd1 12. Bg5 ({
Jeg hadde oversett} 12. Rfxd1 Rxd8 13. dxc5 {
og jeg har absolutt ingenting for minusbonden.}) 12... Nxb2 13. dxc5 {
med temmelig lik stilling}) 10... cxd4 11. Nxd4 Nxc3 12. bxc3 Bf6 13. Nxc6 ({
Svarts unøyaktighet i forrige trekk ha ført til problemer etter} 13. Qb3 Bg4
14. Rfb1 Bxd4 15. cxd4 Bxe2 16. Rc1) ({eller} 13. Rb1 Qa5 14. Qd2 a6 15. Rfc1)
13... bxc6 {Her begynte jeg å se litt lysere på livet: sentrumsbonden er ikke
lenger isolert, og bonden på c6 er neppe noe svakere enn sin motstander på c3.
Problemet er å få plasser løperen på c8 på et fornuftig felt.} 14. Bd4 Qd6 15.
Bxf6 ({Bedre utsikter til fordel gir} 15. e4 Rb8 16. exd5 cxd5 17. Bxa7 Rb2 18.
Bxd5 Qd7 (18... Bxc3 $4 19. Bxf7+ Rxf7 20. Qxd6)) 15... Qxf6 16. Qd4 Qe6 17. e4
dxe4 18. Bxe4 f5 19. Bd3 Qf6 20. Qc5 f4 21. Rae1 Bh3 22. Re4 (22. Qh5 {
var planen, men svart har} Qh6) 22... Bxf1 23. Kxf1 ({Ikke} 23. Rxf4 Bxd3 24.
Rxf6 Rxf6 {med en ekstra løper for svart}) 23... fxg3 24. hxg3 Qf3 25. Bc4+ Kh8
26. Qe3 Qxe3 (26... Qh1+ 27. Ke2 Rab8 28. Bb3 a5 29. Rh4 Qb1 {påstås (Fritz 11)
å være klar vinst for svart, men jeg vurderte - med rette eller ikke - at
dronninga lett ville bli for passiv på 1. raden. Bedre da å bytte, selv om jeg
så for meg et sluttspill hvor merkvaliteten blir vanskelig å realisere.}) 27.
Rxe3 Rae8 28. Rd3 Rd8 29. Re3 Rd2 30. f3 a5 31. f4 g5 32. Ke1 gxf4 33. gxf4 Rh2
$1 {Spanderer på meg et utropstegn her, selv om det ikke er Magnus
Carlsen-klasse over trekket. Men nå begynte jeg å se for meg en førsteradsmatt
i det fjerne.} 34. Rf3 $2 {Sjablonmessig ("tårnet bak fribonden!"), men mot
matt-trusler blir det for spinkelt.} Rb8 $1 {
Grunnet tidsnød (klokka var begynt å vise sekundene) vurderte jeg det enkle} (
34... Rh4 {som vinner f-bonden fordi løperen er ugardert. Et sluttspill med
kvalitet og bonde over er uendelig mye enklere å spille enn bare kvalitet over:
før eller siden vil det sannsynligvis dukke opp en mulighet for å gi tilbake
kvaliteten og gå inn i et vunnet bondesluttspill. Den muligheten er jo også
tilstede selv uten den ekstra bonden, noe jeg bittert fikk erfare i et
postsjakkparti på slutten av 1970-tallet. Jeg får fremdeles mareritt av det!
Etter å ha kjempet innbitt mot en mye bedre spiller en lang vinter, trodde jeg
at jeg ville grie remis i et sluttspillet hvor jeg hadde løper og 2 bønder mot
tårn og 2 bønder. Akkurat da jeg ventet at motstanderen skulle innse at den da
nyutdannede cand. real. Lea hadde fortjent remis og at han derfor kunne
foreslå nettopp det, ofret han tårnet mot løperen - og gikk inn i et
bondesluttspill som var vunnet på grunn av et enkelt tempo. Men som sagt: jeg
ante konturene av et mattbilde.}) 35. Bd3 {Jeg hadde bare sett på} (35. Bb3 a4
36. Bxa4 Rb1+ 37. Bd1 Rh1+ 38. Ke2 (38. Rf1 Rxd1+ 39. Kxd1 Rxf1+ 40. Ke2 Rxf4)
38... Rbxd1 {og trodde en stakket stund at teksttrekket var skummelt, men det
var heldigvis falsk alarm.}) 35... Rbb2 36. f5 Rxa2 {
Hvit ga opp, siden han må gi materiell for å utsette matten.} 0-1

[Event "Klubbmesterskapet 2011"]
[Site "Ås, Akershus NOR"]
[Date "2011.04.14"]
[Round "10"]
[White "Bakken, Svein-Erik"]
[Black "Garmark, Vegard"]
[Result "0-1"]
[WhiteElo "1402"]
[BlackElo "1100"]
[PlyCount "90"]
[EventDate "2011.??.??"]

1. d4 d5 2. c4 e5 3. dxe5 d4 4. a3 Nc6 5. Nf3 Bg4 6. Nbd2 Nge7 7. g3 g6 8. Bg2
Bg7 9. Nb3 Bxf3 10. Bxf3 Bxe5 11. O-O O-O 12. Qc2 Qd7 13. Nc5 Qc8 14. Nd3 Qf5
15. b4 Rab8 16. Bb2 Bg7 17. Rac1 Ne5 18. Nxe5 Bxe5 19. Rfd1 Rfd8 20. Bg2 c6 21.
Rd3 Rd7 22. Rcd1 Rbd8 23. Qc1 b6 24. Qa1 c5 25. Bc1 h5 26. h4 Bf6 27. Qa2 Qg4
28. Qd2 Rd6 29. Rf3 Nc6 30. Rf4 Qd7 31. b5 Ne5 32. Bd5 Bg7 33. Qc2 Rxd5 34.
cxd5 Qxd5 35. Re4 Ng4 36. Re7 c4 37. Qe4 Qxb5 38. Rxa7 Qb3 39. Rf1 d3 40. exd3
cxd3 41. Ra8 Rxa8 42. Qxa8+ Kh7 43. Qd8 Ne5 44. Kg2 Nc4 45. Qd5 Ne3+ 0-1

[Event "Klubbmesterskapet 2011"]
[Site "Ås, Akershus NOR"]
[Date "2011.04.14"]
[Round "10"]
[White "Weberg, Øivind"]
[Black "Simonsen, Steinar"]
[Result "1-0"]
[WhiteElo "1422"]
[BlackElo "1287"]
[PlyCount "57"]
[EventDate "2011.01.20"]

1. f4 Nc6 2. Nf3 Nf6 3. e3 e6 4. Be2 d5 5. O-O b6 6. b3 Bb7 7. Bb2 Be7 8. a4
O-O 9. Na3 a5 10. Nb5 Ba6 11. Rc1 Bxb5 12. Bxb5 Na7 13. Be2 c6 14. c4 b5 15.
axb5 cxb5 16. cxb5 Rb8 17. Ne5 Bb4 18. Bd4 Rb7 19. Bxa7 Ne4 20. Bd4 Bxd2 21.
Rc2 Bb4 22. Nc6 Qh4 23. Nxb4 axb4 24. Qe1 Qe7 25. Bd3 Nd6 26. Qxb4 Rd8 27. Bc5
e5 28. Bxd6 Rxd6 29. Rc8+ 1-0

[Event "Klubbmesterskapet 2011"]
[Site "Ås, Akershus NOR"]
[Date "2011.04.14"]
[Round "10"]
[White "Vivian-Smith, Adam"]
[Black "Furnes, Torstein"]
[Result "0-1"]
[WhiteElo "1055"]
[BlackElo "1568"]
[PlyCount "72"]
[EventDate "2011.01.20"]

1. d4 d5 2. Nf3 Nf6 3. Nc3 Bf5 4. h3 h6 5. g4 Bh7 6. Bg2 e6 7. a3 c5 8. Bf4 Qb6
9. Na4 Qa5+ 10. c3 c4 11. b4 Qb5 12. O-O Be7 13. g5 hxg5 14. Bxg5 Ne4 15. Bxe7
Kxe7 16. Nc5 Nxc5 17. dxc5 Qd7 18. Qd4 Nc6 19. Qg4 Bf5 20. Qg5+ Kf8 21. Nh4 Ne7
22. Rfd1 f6 23. e4 fxg5 24. Nxf5 exf5 25. e5 Rd8 26. Re1 Qe6 27. b5 Ng6 28. c6
bxc6 29. a4 Nf4 30. bxc6 Nxg2 31. Kxg2 Qxc6 32. e6 Ke7 33. Rab1 d4+ 34. f3 Rxh3
35. Kg1 Qxf3 36. Rb2 Rh1# 0-1

[Event "Klubbmesterskapet 2011"]
[Site "Ås, Akershus NOR"]
[Date "2011.04.28"]
[Round "11"]
[White "Moberg, Jan Rune"]
[Black "Thowsen, Alf Geir"]
[Result "0-1"]
[WhiteElo "1532"]
[BlackElo "1191"]
[PlyCount "124"]

1. d4 d5 2. c4 c6 3. Nf3 Nf6 4. Nc3 Nbd7 5. g3 e6 6. Bg2 Bb4 7. O-O O-O 8. a3
Bxc3 9. bxc3 dxc4 10. a4 Qa5 11. Ba3 c5 12. Qc2 Re8 13. e4 cxd4 14. cxd4 Qc7
15. Ng5 e5 16. d5 b6 17. Rfd1 Ba6 18. Nf3 Rac8 19. Nh4 Nc5 20. Nf5 Qd7 21. Bb4
g6 22. Nh4 Qg4 23. f3 Qd7 24. Bf1 Nb3 25. Ra3 Nd4 26. Qf2 Rc7 27. Bc3 Nb3 28.
Ng2 Rec8 29. Bxe5 Ne8 30. Bxc7 Rxc7 31. Ne3 Qd6 32. Ra2 Qb4 33. Nc2 Qd6 34. f4
f6 35. Qe3 Qc5 36. Qxc5 Nxc5 37. Nb4 Nd6 38. e5 fxe5 39. fxe5 Nf5 40. Kf2 Rf7
41. Ke2 Bb7 42. a5 b5 43. a6 Bc8 44. Ra5 Re7 45. e6 Bxe6 46. dxe6 Rxe6+ 47. Kf2
Ne4+ 48. Kf3 Ng5+ 49. Kf2 Ne4+ 50. Kg1 Nc3 51. Nd5 Nxd1 52. Rxb5 Nde3 53. Nf4
Rxa6 54. g4 Ra1 55. Rb8+ Kg7 56. Rb7+ Kh6 57. g5+ Kxg5 58. Nh3+ Kh6 59. Kf2
Rxf1+ 60. Ke2 c3 61. Rc7 c2 62. Kd2 Rd1+ 0-1